书目信息 |
| 题名: |
中国绘画美学史
|
|
| 作者: | 陈传席 著 | |
| 分册: | 上 | |
| 出版信息: | 北京 人民美术出版社 2000 |
|
| 页数: | 342页 | |
| 开本: | 20cm | |
| 丛书名: | ||
| 单 册: | ||
| 中图分类: | J201 | |
| 科图分类: | ||
| 主题词: | 绘画史--美学史--中国 , 绘画史 , 美学史 | |
| 电子资源: | ||
| ISBN: | 7-102-01911-4 | |
| 000 | 00830nam0 2200253 450 | |
| 001 | 1251457586 | |
| 005 | 20121019141947.40 | |
| 010 | @a7-102-01911-4@dCNY24.00 | |
| 100 | @a20011122d2000 em y0chiy0110 ea | |
| 101 | 0 | @achi |
| 102 | @aCN@b110000 | |
| 105 | @aa z 000yy | |
| 200 | 1 | @a中国绘画美学史@Azhong guo hui hua mei xue shi@h上@f陈传席著 |
| 210 | @a北京@c人民美术出版社@d2000 | |
| 215 | @a342页@c图@d20cm | |
| 314 | @a陈传席,南京师范大学教授,中国美术学院客座教授,中国美术家协会会员。著有《六朝画论研究》等。 | |
| 330 | @a本书论述了儒道思想的重大影响以及六朝时代,唐、五代、宋、元、明代、清代及近现代绘画美学。 | |
| 606 | 0 | @a绘画史@x美学史@y中国 |
| 606 | 0 | @a绘画史 |
| 606 | 0 | @a美学史 |
| 690 | @aJ201@v4 | |
| 701 | 0 | @a陈传席@Achen chuan xi@4著 |
| 801 | 0 | @aCN@bNLC@c20101222 |
| 905 | @a10447@dJ201@eJY186:1 | |
| 中国绘画美学史.上/陈传席著.-北京:人民美术出版社,2000 |
| 342页:图;20cm |
| ISBN 7-102-01911-4:CNY24.00 |
| 本书论述了儒道思想的重大影响以及六朝时代,唐、五代、宋、元、明代、清代及近现代绘画美学。 |
| ● |
| 相关链接 |
|
|
|
|
正题名:中国绘画美学史
索取号:J201/JY186:1
 
预约/预借
| 序号 | 登录号 | 条形码 | 馆藏地/架位号 | 状态 | 备注 |
| 1 | 7833052 | 278330520 | 学院路分馆/ [索取号:J201/JY186:1] | 在馆 | |
| 2 | 7833054 | 278330548 | 学院路分馆/ [索取号:J201/JY186:1] | 在馆 |